JetPunk Country Type-ins: Alternative Names - Statistics

General Stats
  • This quiz has been taken 115 times
    113 since last reset
  • The average score is 18 of 35
Answer Stats
Alternative Name % Correct
USA
95%
UK
93%
United States
92%
United Kingdom
91%
UAE
76%
Democratic Republic of the Congo
75%
DRC
74%
Great Britain
74%
United Arab Emirates
70%
America
69%
China
64%
CAR
60%
Central African Republic
56%
PRC
52%
Britain
51%
Burma
51%
Myanmar
51%
Papua New Guinea
47%
PNG
47%
Vatican City
47%
Holland
43%
Netherlands
43%
Macedonia
39%
FYROM
38%
Holysee
38%
Saint Kitts and Nevis
34%
Saint Lucia
33%
Saint Vincent and the Grenadines
33%
St Lucia
32%
St Vincent
32%
East Timor
31%
Ivory Coast
31%
St Kitts
31%
Timor Leste
31%
Côte d'Ivoire
27%
No matching quizzes found
Score Distribution
Percent of People with Each Score
Percentile by Number Answered
Your Score History
You have not taken this quiz since the last reset